Existential Approach to God (Record no. 6550)
[ view plain ]
| 000 -LEADER | |
|---|---|
| fixed length control field | 00618nam a2200253 a 4500 |
| 020 ## - INTERNATIONAL STANDARD BOOK NUMBER | |
| ISBN | 9024732 |
| 082 00 - DEWEY DECIMAL CLASSIFICATION NUMBER | |
| Classification number | 211.092 |
| Author Cutter | PAX |
| 100 ## - MAIN ENTRY--AUTHOR NAME | |
| Author name | Pax, Clyde |
| 245 ## - TITLE STATEMENT | |
| Title | Existential Approach to God |
| Sub title | Study of Gabriel Marcel |
| 260 ## - PUBLICATION, DISTRIBUTION, ETC. (IMPRINT) | |
| Place of publication | Hague |
| Name of publisher | Martinus Nijhoff |
| Year of publication | 1972 |
| 300 ## - PHYSICAL DESCRIPTION | |
| Number of Pages | 118p |
| 500 ## - GENERAL NOTE | |
| General note | includes index and biblioraphy |
| 505 2# - FORMATTED CONTENTS NOTE | |
| Formatted contents note | Index |
| 650 ## - SUBJECT ADDED ENTRY--TOPICAL TERM | |
| Topical Term | Theology-God |
| 650 ## - SUBJECT ADDED ENTRY--TOPICAL TERM | |
| Topical Term | God |
| 942 ## - ADDED ENTRY ELEMENTS (KOHA) | |
| Koha item type | Books |
| 700 1# - | |
| -- | Pax, Clyde |
| Home library | Current library | Date acquired | Cost, normal purchase price | Full call number | Accession Number | Koha item type |
|---|---|---|---|---|---|---|
| Henry Martyn Institute Library | Henry Martyn Institute Library | 07/31/2007 | 100.00 | 211.092 PAX | 014844 | E-Books |
